000 00758nam a2200253 a 4500
001 25688
003 CO-ViMGA
008 141112s2004 ck r 000 u spa d
020 _a9789588416229
040 _aCO-ViMGA
_bspa
_cCO-ViMGA
041 _aSPA
082 0 4 _aCo864.6 H27m
100 1 _aHernández Febres - Cordero, Patricia
_939539
245 1 0 _aMujeres novelistas /
_cPatricia Hernández Febres - Cordero
250 _a1a ed.
260 _aBogotá :
_bApidama,
_c2012
300 _a175 p.
490 _aEnsayos
500 _aIncluye Contenido
650 1 4 _aMUJERES COMO AUTORAS - CRITICA E INTERPRETACION
_939540
650 1 4 _aMUJERES EN LA LITERATURA - ENSAYOS
_939541
650 1 4 _aMUJERES Y LITERATURA - ENSAYOS
_939542
942 _2ddc
_cBK
999 _c5256
_d5256